000 00578nam a2200169 i 4500
001 92202
003 ES-MaACL
005 20230906180922.0
007 t|
008 050223s1928 sp ||||1| spa d
245 0 0 _aLibro de Ceuta
_b: se compone por la iniciativa del Centro de Hijos de esta muy noble, leal y fidelísima ciudad en el año de 1928.
260 _aCeuta :
_bCentro de Hijos de Ceuta,
_c1928.
300 _a255 p., 28 [h.] de lám ;
_c22 cm.
651 4 _aCeuta-
_xDescripción.
_9137091
710 0 _aCentro de Hijos de Ceuta.
_92691
852 _aES-MaACL
_jA-1356
999 _c92202
_d92202